[Event "Russian Championship G11 1st league 2016"]
[Site "Loo"]
[Date "2016.04.21"]
[Round "2.6"]
[White "Oyun, Sayudi"]
[Black "Afonaseva, Valeriya"]
[Result "1-0"]
[WhiteElo "1163"]
[BlackElo "1375"]
[PlyCount "89"]
[EventDate "2016.04.20"]

1. d4 d5 2. Nf3 Nf6 3. Bg5 Ne4 4. Bf4 Nc6 5. e3 Bg4 6. Nbd2 e6 7. Be2 Nxd2 8.
Qxd2 Bd6 9. O-O Bxf4 10. exf4 O-O 11. Rfe1 Qf6 12. Ne5 Nxe5 13. fxe5 Qg6 14.
Bd3 Bf5 15. Bxf5 Qxf5 16. Re3 b6 17. Rf3 Qh5 18. Re1 Qh4 19. Rh3 Qe7 20. Ree3
a5 21. Reg3 Rfd8 22. Rxg7+ Kf8 23. Rhxh7 Rdc8 24. Qh6 Ke8 25. Rh8+ Kd7 26. Rxc8
Kxc8 27. Rg8+ Kb7 28. Rxa8 Kxa8 29. Qf6 Qb4 30. h4 Qxd4 31. Kh2 Qxb2 32. Qxf7
Qxe5+ 33. f4 Qh8 34. h5 e5 35. Qxd5+ Kb8 36. Qxe5 Qg8 37. Qg5 Qxa2 38. h6 Qxc2
39. f5 Qc6 40. h7 Qd6+ 41. g3 Qd2+ 42. Qxd2 Kb7 43. h8=Q a4 44. Qd5+ Ka6 45.
Qha8# 1-0

[Event "Russian Championship G11 1st league 2016"]
[Site "Loo"]
[Date "2016.04.21"]
[Round "2.7"]
[White "Krasnikova, Regina"]
[Black "Shatkovskaia, Elizaveta"]
[Result "1-0"]
[WhiteElo "1371"]
[BlackElo "1140"]
[PlyCount "39"]
[EventDate "2016.04.20"]

1. e4 e5 2. Nf3 Nc6 3. Bb5 a6 4. Ba4 b5 5. Bb3 d6 6. h3 Nf6 7. O-O Na5 8. d4
Nxb3 9. axb3 Bb7 10. Bg5 h6 11. Bh4 g5 12. Bg3 Nxe4 13. dxe5 Nxg3 14. fxg3 Bxf3
15. Qxf3 Rh7 16. e6 f6 17. Qh5+ Ke7 18. Qg6 Rg7 19. Qxf6+ Ke8 20. Qxf8# 1-0

[Event "Russian Championship G11 1st league 2016"]
[Site "Loo"]
[Date "2016.04.21"]
[Round "2.8"]
[White "Kiryanova, Kristina"]
[Black "Nuritdinova, Ilzira"]
[Result "1-0"]
[WhiteElo "1100"]
[BlackElo "1353"]
[PlyCount "67"]
[EventDate "2016.04.20"]

1. c4 e5 2. Nc3 Nf6 3. Nf3 Nc6 4. g3 Bc5 5. Bg2 d6 6. O-O O-O 7. b3 Bf5 8. Bb2
Qd7 9. Re1 Ng4 10. Rf1 Qe6 11. h3 Nf6 12. Kh2 Ne4 13. Nxe4 Bxe4 14. Ng5 Qf5 15.
Nxe4 Bb6 16. e3 Rae8 17. Qf3 Qc8 18. Qe2 f5 19. Nc3 Re6 20. Bd5 Rff6 21. Bxe6+
Qxe6 22. Kg2 f4 23. exf4 exf4 24. Qxe6+ Rxe6 25. Rae1 Rg6 26. Nd5 fxg3 27. fxg3
h6 28. Ne7+ Nxe7 29. Rxe7 Kh7 30. Rff7 h5 31. Bxg7 Rxg3+ 32. Kxg3 Kg6 33. Rf6+
Kg5 34. h4# 1-0

[Event "Russian Championship G11 1st league 2016"]
[Site "Loo"]
[Date "2016.04.21"]
[Round "2.9"]
[White "Dorokhina, Elizaveta"]
[Black "Sautina, Elizaveta"]
[Result "1-0"]
[WhiteElo "1344"]
[BlackElo "1017"]
[PlyCount "65"]
[EventDate "2016.04.20"]

1. e4 e6 2. d4 d5 3. e5 c5 4. c3 Nc6 5. Nf3 Qb6 6. Bd3 Bd7 7. Bc2 Nh6 8. a3 Nf5
9. g4 Nh6 10. h3 a5 11. O-O Be7 12. Kh1 f6 13. exf6 gxf6 14. Bxh6 Qxb2 15. Nbd2
Qxc3 16. dxc5 Bxc5 17. Qc1 Nd4 18. Bg6+ hxg6 19. Qxc3 Rxh6 20. Nxd4 Bxd4 21.
Qxd4 Rxh3+ 22. Kg2 e5 23. Qb2 Bxg4 24. Qxb7 Rd8 25. Rh1 Rd7 26. Qc8+ Rd8 27.
Qxg4 Rxh1 28. Rxh1 Ke7 29. Rh7+ Kd6 30. Qxg6 Rf8 31. Qg7 Ra8 32. Qc7+ Ke6 33.
Qd7# 1-0

[Event "Russian Championship G11 1st league 2016"]
[Site "Loo"]
[Date "2016.04.21"]
[Round "2.10"]
[White "Bodrykh, Maya"]
[Black "Abdrashitova, Kamila"]
[Result "1-0"]
[WhiteElo "1022"]
[BlackElo "1341"]
[PlyCount "113"]
[EventDate "2016.04.20"]

1. e4 c5 2. Nc3 Nc6 3. g3 g6 4. Bg2 Bg7 5. f4 e6 6. d3 Nge7 7. Be3 d6 8. Nge2
O-O 9. O-O Bd7 10. h3 a6 11. a4 Rb8 12. Rb1 b5 13. axb5 axb5 14. b3 Qc7 15. g4
f5 16. exf5 exf5 17. gxf5 Nxf5 18. Nd5 Qd8 19. Bf2 Kh8 20. Ne3 Rb6 21. Nxf5
Bxf5 22. Ng3 Be6 23. Re1 Qd7 24. Kh2 Rxf4 25. Qe2 Be5 26. Bxc5 dxc5 27. Bxc6
Qxc6 28. Qxe5+ Kg8 29. Qxf4 Qd5 30. Qe4 Qd6 31. Qe5 Qe7 32. Ne4 Rc6 33. Nxc5
Rxc5 34. Qxe6+ Qxe6 35. Rxe6 Rxc2+ 36. Kg3 Rc3 37. Rd6 Kg7 38. Rd5 Kh6 39. b4
Kg7 40. Rd1 Rb3 41. Rxb5 Ra3 42. Ra5 Rb3 43. b5 Kf7 44. Ra7+ Kf6 45. Rb7 Ke6
46. Kg4 Rb4+ 47. d4 Kd5 48. Kg5 Kc4 49. d5 Rxb5 50. Rxb5 Kxb5 51. d6 Kc6 52. d7
Kc5 53. d8=Q Kc4 54. Qc8+ Kb3 55. Rb1+ Ka2 56. Rb7 Ka3 57. Qa8# 1-0

[Event "Russian Championship G11 2016"]
[Site "Loo"]
[Date "2016.04.21"]
[Round "2.1"]
[White "Shvedova, Alexandra"]
[Black "Zvereva, Margarita"]
[Result "0-1"]
[WhiteElo "1410"]
[BlackElo "1768"]
[PlyCount "74"]
[EventDate "2016.04.20"]

1. e4 e5 2. Nf3 Nc6 3. Bc4 Bc5 4. c3 Nf6 5. d4 exd4 6. e5 d5 7. Bb5 Ne4 8. cxd4
Bb6 9. h3 O-O 10. O-O f6 11. Nc3 Ne7 12. exf6 Rxf6 13. Be3 c6 14. Bd3 Nxc3 15.
bxc3 h6 16. Ne5 Bf5 17. Be2 Ng6 18. Ng4 Rf8 19. f4 Be4 20. Bf3 Bxf3 21. Qxf3
Nh4 22. Qf2 Nf5 23. Rae1 Nd6 24. Bc1 Ne4 25. Qf3 Ba5 26. Rxe4 dxe4 27. Qxe4
Bxc3 28. Qg6 Bxd4+ 29. Kh2 Qe8 30. Nxh6+ Kh8 31. Qd3 Rd8 32. Qb3 gxh6 33. Qxb7
Rg8 34. f5 Rxg2+ 35. Kxg2 Qe2+ 36. Kg3 Rg8+ 37. Kf4 Be5# 0-1

[Event "Russian Championship G11 2016"]
[Site "Loo"]
[Date "2016.04.21"]
[Round "2.2"]
[White "Cherepanova, Evita"]
[Black "Cherniak, Anastasiia"]
[Result "1-0"]
[WhiteElo "1689"]
[BlackElo "1368"]
[PlyCount "94"]
[EventDate "2016.04.20"]

1. d4 d5 2. Nf3 Nf6 3. c4 e6 4. Nc3 Bb4 5. a3 Bxc3+ 6. bxc3 O-O 7. Bf4 dxc4 8.
e3 b5 9. a4 c6 10. Be2 a6 11. Ne5 Nd5 12. Qd2 Nxf4 13. exf4 f6 14. Ng4 Re8 15.
Rd1 e5 16. dxe5 Qxd2+ 17. Rxd2 Bxg4 18. Bxg4 fxe5 19. Re2 bxa4 20. fxe5 c5 21.
O-O Re7 22. Bf3 Raa7 23. Bd5+ Kh8 24. Bxc4 Nd7 25. e6 Nb6 26. Rd1 g6 27. Ba2
Rac7 28. Rd6 Rb7 29. f4 c4 30. Rc6 Nd5 31. Rxc4 Nc7 32. Rxa4 Kg7 33. Rb4 Rxb4
34. cxb4 Kf6 35. Kf2 Nxe6 36. Bxe6 Rxe6 37. Rxe6+ Kxe6 38. Ke3 Kd5 39. Kd3 h6
40. g4 g5 41. f5 Ke5 42. Kc4 Kf4 43. f6 Kxg4 44. f7 h5 45. f8=Q Kh4 46. Kd4 a5
47. Ke4 Kh3 1-0

[Event "Russian Championship G11 2016"]
[Site "Loo"]
[Date "2016.04.21"]
[Round "2.3"]
[White "Lubarskaya, Regina"]
[Black "Alekseenko, Mariya"]
[Result "0-1"]
[WhiteElo "1391"]
[BlackElo "1604"]
[PlyCount "80"]
[EventDate "2016.04.20"]

1. e4 c5 2. Nf3 e6 3. d4 cxd4 4. Nxd4 a6 5. Nc3 Qc7 6. a3 b5 7. Bd2 Bb7 8. Bd3
Nf6 9. O-O Be7 10. Kh1 d6 11. f3 Nbd7 12. Re1 Rc8 13. Rc1 Nb6 14. b3 O-O 15.
Nce2 Nfd7 16. Ng3 Ne5 17. Be2 d5 18. b4 Nec4 19. Ra1 Bf6 20. Bxc4 Bxd4 21. Bf4
Qxc4 22. Rc1 Bb2 23. Rb1 Qxc2 24. Qxc2 Rxc2 25. h3 Rfc8 26. Kh2 e5 27. Bg5 h6
28. Be7 d4 29. Rbd1 Nc4 30. Rd3 Ne3 31. Rg1 Rf2 32. Nf5 Nxf5 33. exf5 Rc3 34.
Rdd1 Bxf3 35. Bh4 Bxd1 36. Bxf2 Bb3 37. Bg3 f6 38. Rb1 Bc1 39. Be1 Ba2 40. Bxc3
Bxb1 0-1

[Event "Russian Championship G11 2016"]
[Site "Loo"]
[Date "2016.04.21"]
[Round "2.4"]
[White "Krupnova, Anna"]
[Black "Shubenkova, Veronika"]
[Result "1-0"]
[WhiteElo "1591"]
[BlackElo "1347"]
[PlyCount "93"]
[EventDate "2016.04.20"]

1. Nf3 d5 2. g3 g6 3. Bg2 Bg7 4. d4 Nf6 5. O-O O-O 6. c4 c6 7. cxd5 cxd5 8. Nc3
Nc6 9. Ne5 a6 10. Nxc6 bxc6 11. Bf4 Qd7 12. Na4 Qd8 13. Rc1 Bd7 14. Nc5 Nh5 15.
Be3 Ra7 16. Qa4 a5 17. Nxd7 Qxd7 18. Qxc6 Qxc6 19. Rxc6 e6 20. Rfc1 Rb7 21.
R1c2 Rb4 22. b3 Bxd4 23. a3 Bxe3 24. axb4 Bd4 25. bxa5 Kg7 26. Rc8 Rxc8 27.
Rxc8 Nf6 28. b4 Ng4 29. e3 Bf6 30. a6 d4 31. a7 dxe3 32. fxe3 Bg5 33. a8=Q
Bxe3+ 34. Kf1 Nxh2+ 35. Ke2 Ng4 36. Bf3 Ne5 37. Kxe3 Nxf3 38. Qxf3 h5 39. Rc7
h4 40. Qxf7+ Kh6 41. Qf4+ g5 42. Qf6+ Kh5 43. Rh7+ Kg4 44. Qf3+ Kh3 45. gxh4+
Kh2 46. hxg5+ Kg1 47. Rh1# 1-0

[Event "Russian Championship G11 2016"]
[Site "Loo"]
[Date "2016.04.21"]
[Round "2.5"]
[White "Kuznetsova, Marina"]
[Black "Melenchuk, Olga"]
[Result "1-0"]
[WhiteElo "1312"]
[BlackElo "1579"]
[PlyCount "115"]
[EventDate "2016.04.20"]

1. e4 e5 2. Nf3 Nc6 3. Bb5 Nf6 4. O-O Nxe4 5. d4 Nd6 6. Bxc6 dxc6 7. dxe5 Nf5
8. Qxd8+ Kxd8 9. Nc3 h6 10. Rd1+ Ke8 11. Bf4 Be6 12. h3 g5 13. Bh2 Bg7 14. Ne4
Bd5 15. Nfd2 Nd4 16. c3 Ne2+ 17. Kf1 Nf4 18. Bxf4 gxf4 19. Re1 Kd7 20. Nc5+ Kc8
21. c4 Be6 22. Re4 b6 23. Nxe6 fxe6 24. Nf3 Rf8 25. Nd4 Bh8 26. Nxc6 Kd7 27.
Nd4 c5 28. Nf3 Bg7 29. Rd1+ Ke8 30. Nh4 Rf7 31. Rd6 Rd8 32. Rxe6+ Kf8 33. Ng6+
Kg8 34. Nxf4 Rd1+ 35. Ke2 Ra1 36. a3 Rd7 37. Rd6 Re7 38. Rd8+ Kh7 39. e6 Rb1
40. Nd5 Rxb2+ 41. Kd3 Rb3+ 42. Kc2 Rb2+ 43. Kc1 Ra2 44. Nxe7 Ra1+ 45. Kd2 Ra2+
46. Ke3 Bd4+ 47. Rdxd4 cxd4+ 48. Kxd4 Rxa3 49. Nd5 b5 50. e7 Ra4 51. e8=Q Rxc4+
52. Kd3 Rxe4 53. Qxe4+ Kg7 54. Qe7+ Kg6 55. Qf6+ Kh7 56. Ne7 b4 57. Qg6+ Kh8
58. Qg8# 1-0

[Event "Russian Championship G11 2016"]
[Site "Loo"]
[Date "2016.04.21"]
[Round "2.6"]
[White "Mikheeva, Galina"]
[Black "Mikhalevich, Arina"]
[Result "1-0"]
[WhiteElo "1533"]
[BlackElo "1310"]
[PlyCount "101"]
[EventDate "2016.04.20"]

1. e4 c5 2. Nf3 e6 3. b3 d5 4. exd5 exd5 5. Bb5+ Nc6 6. Bb2 Nf6 7. O-O Bg4 8.
Re1+ Be7 9. Qe2 a6 10. Bxc6+ bxc6 11. d4 Be6 12. dxc5 Bxc5 13. Ng5 Ne4 14. Nxe4
dxe4 15. Qxe4 O-O 16. Qe5 Qf6 17. Qxf6 gxf6 18. Bxf6 Rfe8 19. Nd2 Bb4 20. c3
Be7 21. Bxe7 Rxe7 22. Re3 Rd8 23. Nf3 Red7 24. Nd4 c5 25. Nxe6 Rd1+ 26. Re1
Rxa1 27. Rxa1 fxe6 28. g3 Rd2 29. Kg2 Kf7 30. Kf3 Kf6 31. Ke3 Rc2 32. c4 Ke5
33. h3 Rc3+ 34. Kd2 Kd4 35. Re1 e5 36. Rxe5 Rxc4 37. bxc4 Kxe5 38. Ke3 h5 39.
g4 h4 40. a4 a5 41. f4+ Kf6 42. Ke4 Ke6 43. g5 Kf7 44. f5 Ke7 45. g6 Kf8 46. f6
Kg8 47. Ke5 Kf8 48. Ke6 Kg8 49. f7+ Kf8 50. g7+ Kxg7 51. Ke7 1-0

[Event "Russian Championship G11 2016"]
[Site "Loo"]
[Date "2016.04.21"]
[Round "2.7"]
[White "Vlasova, Olesia"]
[Black "Surovtseva, Alisa"]
[Result "1/2-1/2"]
[WhiteElo "1155"]
[BlackElo "1511"]
[PlyCount "80"]
[EventDate "2016.04.20"]

1. e4 e5 2. Nf3 Nc6 3. Bb5 g6 4. O-O Bg7 5. c3 a6 6. Bc4 Nge7 7. d4 exd4 8.
cxd4 b5 9. Bb3 d6 10. Bg5 O-O 11. Nc3 Bg4 12. Be3 Bxf3 13. gxf3 Na5 14. Kh1 Qd7
15. Rg1 Nxb3 16. Qxb3 Nc6 17. Rad1 Na5 18. Qc2 Nc4 19. Bc1 Nb6 20. f4 f5 21. e5
Kh8 22. Be3 Qc6+ 23. d5 Nxd5 24. Rxd5 b4 25. Rgd1 dxe5 26. Qa4 Qb7 27. Qb3 exf4
28. Bxf4 c5 29. Kg1 c4 30. Qxc4 bxc3 31. bxc3 Rac8 32. Rc5 Rxc5 33. Qxc5 Qf3
34. Qd6 Qxc3 35. Qxa6 Qf3 36. Qd6 Qg4+ 37. Kh1 Qf3+ 38. Kg1 Qg4+ 39. Kh1 Qf3+
40. Kg1 Qg4+ 1/2-1/2

[Event "Russian Championship G11 2016"]
[Site "Loo"]
[Date "2016.04.21"]
[Round "2.9"]
[White "Poliato, Irina"]
[Black "Magizova, Yana"]
[Result "1-0"]
[WhiteElo "1140"]
[BlackElo "1490"]
[PlyCount "119"]
[EventDate "2016.04.20"]

1. d4 Nf6 2. c4 e6 3. Nc3 Bb4 4. Bd2 b6 5. e3 Bb7 6. Nf3 Bxc3 7. Bxc3 d6 8. Bd3
Ne4 9. O-O Nd7 10. Qc2 f5 11. d5 exd5 12. Nd4 Nxc3 13. Ne6 Qe7 14. Nxc7+ Kd8
15. Nxa8 Ne4 16. cxd5 Bxa8 17. Rac1 Ke8 18. Bb5 Kf7 19. f3 Nef6 20. Qxf5 Bxd5
21. Bxd7 Qxd7 22. Qxd7+ Nxd7 23. Rc7 Ke6 24. e4 Ba8 25. Rxa7 Rg8 26. Rc1 Nc5
27. b4 Nd3 28. Rcc7 Nxb4 29. Rxg7 Rxg7 30. Rxg7 h6 31. Rg6+ Ke5 32. Rxh6 Nxa2
33. Rh5+ Kd4 34. Rb5 Nc3 35. Rxb6 Kc5 36. Rb8 Bc6 37. Rc8 Nb5 38. h4 Nd4 39. h5
Ne6 40. h6 Ng5 41. f4 Nh7 42. Rc7 Nf8 43. f5 Kb6 44. h7 Nxh7 45. Rxh7 Bxe4 46.
f6 Bg6 47. f7 Bxf7 48. Rxf7 Kc5 49. g4 d5 50. g5 d4 51. g6 d3 52. g7 d2 53. Rf1
Kd6 54. g8=Q Kc5 55. Qg5+ Kc4 56. Qxd2 Kb3 57. Rc1 Ka3 58. Qc3+ Ka4 59. Qb2 Ka5
60. Ra1# 1-0

[Event "Russian Championship G11 2016"]
[Site "Loo"]
[Date "2016.04.21"]
[Round "2.13"]
[White "Badmaeva, Elzjata"]
[Black "Tkachenko, Valeriya"]
[Result "1/2-1/2"]
[WhiteElo "1477"]
[BlackElo "1360"]
[PlyCount "96"]
[EventDate "2016.04.20"]

1. e4 c5 2. c3 e5 3. Nf3 Nc6 4. d4 cxd4 5. cxd4 exd4 6. Nxd4 Nf6 7. Nc3 Bb4 8.
Nxc6 dxc6 9. Qxd8+ Kxd8 10. Bd3 h6 11. O-O Be6 12. Bf4 Ke7 13. a3 Bc5 14. h3
Rhd8 15. Bc2 Nh5 16. Bh2 Nf6 17. Rad1 g5 18. Rxd8 Rxd8 19. Rd1 Rxd1+ 20. Bxd1
Nd7 21. Kf1 Bd4 22. f3 b5 23. Bg1 Bxg1 24. Kxg1 Nc5 25. b4 Nb7 26. Ne2 c5 27.
bxc5 Nxc5 28. Nd4 a6 29. Nxe6 Kxe6 30. Kf2 Ke5 31. Ke3 Kd6 32. Kd4 Ne6+ 33. Kc3
Kc5 34. Bb3 Nf4 35. Bxf7 Nxg2 36. Be6 Nf4 37. Bc8 a5 38. e5 Ne2+ 39. Kb2 Nd4
40. Bd7 Nc6 41. e6 Ne7 42. Kb3 b4 43. axb4+ axb4 44. Kb2 Kc4 45. Kc2 b3+ 46.
Kb2 Kb4 47. Be8 Kc4 48. Ba4 Kd3 1/2-1/2

[Event "Russian Championship G11 2016"]
[Site "Loo"]
[Date "2016.04.21"]
[Round "2.16"]
[White "Pakhomova, Tatyana"]
[Black "Nikolaeva, Nadezhda"]
[Result "0-1"]
[WhiteElo "1508"]
[BlackElo "1237"]
[PlyCount "88"]
[EventDate "2016.04.20"]

1. d4 d5 2. c4 c6 3. Nc3 Nf6 4. cxd5 cxd5 5. Bf4 Nc6 6. Nb5 Qa5+ 7. Nc3 Qb6 8.
Qd2 Qxd4 9. Qxd4 Nxd4 10. Rc1 e6 11. a3 a6 12. e3 Nc6 13. Nf3 Bc5 14. Nxd5 Nxd5
15. Rxc5 Nxf4 16. exf4 O-O 17. g3 Bd7 18. Bg2 Rac8 19. Rc1 f6 20. Bh3 Rfd8 21.
O-O Kf7 22. Rfd1 Ke7 23. Rc3 g6 24. Re3 f5 25. Rde1 h6 26. g4 Kf6 27. g5+ hxg5
28. Nxg5 e5 29. Nh7+ Kg7 30. Ng5 exf4 31. Ne6+ Bxe6 32. Rxe6 Rd2 33. R6e2 Rcd8
34. Bg2 Rxe2 35. Rxe2 Rd1+ 36. Bf1 f3 37. Re3 Nd4 38. h3 Ne2+ 39. Kh2 Rxf1 40.
Re7+ Kf6 41. Rxb7 Rxf2+ 42. Kh1 Rg2 43. Rb6+ Kg5 44. Rxa6 Ng3# 0-1

[Event "Russian Championship G11 2016"]
[Site "Loo"]
[Date "2016.04.21"]
[Round "2.18"]
[White "Tsamalaidze, Liana"]
[Black "Maikovets, Yana"]
[Result "1-0"]
[WhiteElo "1362"]
[BlackElo "1099"]
[PlyCount "120"]
[EventDate "2016.04.20"]

1. e4 c5 2. Nf3 d6 3. d3 g6 4. g3 Bg7 5. Bg2 e6 6. O-O Ne7 7. Nbd2 Nbc6 8. Re1
O-O 9. Nf1 f5 10. c3 e5 11. Ne3 b5 12. Qb3+ Kh8 13. Ng5 Qe8 14. Qxb5 h6 15. Nf3
Rb8 16. Qa4 Bd7 17. Qc2 Qf7 18. a3 f4 19. Nc4 Nc8 20. b4 cxb4 21. axb4 Bg4 22.
gxf4 exf4 23. Bb2 Qd7 24. Qe2 Bh3 25. Bxh3 Qxh3 26. Kh1 g5 27. e5 Re8 28. d4
dxe5 29. dxe5 Bxe5 30. Nfxe5 Nxe5 31. Nxe5 f3 32. Qxf3 Qxf3+ 33. Nxf3 Rf8 34.
c4+ Kh7 35. Kg2 g4 36. Nd2 Rd8 37. Bc3 Rd3 38. Re3 Rxe3 39. fxe3 Rb7 40. Kg3 h5
41. Ra5 Kg6 42. Kh4 Rd7 43. Rg5+ Kh6 44. Rxh5+ Kg6 45. Bd4 Ne7 46. Kxg4 Kf7 47.
Nf3 Nc6 48. b5 Nxd4 49. Ne5+ Ke6 50. Nxd7 Kxd7 51. Rd5+ Ke6 52. Rxd4 Ke5 53. c5
Ke6 54. c6 Ke5 55. c7 Kf6 56. c8=Q Ke7 57. Qd8+ Ke6 58. Re4+ Kf7 59. Qe8+ Kf6
60. Rf4+ Kg7 1-0

[Event "Russian Championship G13 1st league 2016"]
[Site "Loo"]
[Date "2016.04.21"]
[Round "2.1"]
[White "Shamsutdinova, Karina"]
[Black "Shestakova, Ekaterina"]
[Result "0-1"]
[WhiteElo "1437"]
[BlackElo "1740"]
[PlyCount "128"]
[EventDate "2016.04.20"]

1. d4 d5 2. c4 c6 3. Nc3 Nf6 4. e3 e6 5. Bd3 Nbd7 6. Nf3 dxc4 7. Bxc4 b5 8. Bd3
a6 9. O-O Bb7 10. e4 c5 11. Qe2 c4 12. Bc2 Be7 13. a3 Rc8 14. h3 O-O 15. Bf4
Qb6 16. Rad1 Rfe8 17. Bb1 a5 18. Be3 Qa6 19. e5 Nd5 20. Qc2 g6 21. Nxd5 Bxd5
22. Qe2 Qb7 23. Ne1 Nb6 24. Bd2 b4 25. axb4 axb4 26. Rc1 Na4 27. Bh6 c3 28.
bxc3 Nxc3 29. Qd2 Rc7 30. Kh2 Rec8 31. Rg1 Qb6 32. Nf3 Nxb1 33. Rxb1 Rc2 34.
Qe1 Bxf3 35. gxf3 Qxd4 36. Rg2 Qd3 37. f4 Re2 38. Qd1 Qxd1 39. Rxd1 b3 40. Rb1
b2 41. f3 Rxg2+ 42. Kxg2 Ba3 43. Rd1 Rb8 44. Rb1 Bc5 45. Kg3 Be3 46. Kg2 Bc1
47. Kf2 Ra8 48. f5 Ra1 49. Bxc1 bxc1=Q 50. Rxc1 Rxc1 51. f6 Rc5 52. f4 Rc3 53.
h4 Kf8 54. Ke2 h5 55. f5 exf5 56. e6 fxe6 57. Kf2 e5 58. f7 e4 59. Kg2 f4 60.
Kh2 Rg3 61. Kh1 e3 62. Kh2 e2 63. Kh1 e1=Q+ 64. Kh2 Qg1# 0-1

[Event "Russian Championship G13 1st league 2016"]
[Site "Loo"]
[Date "2016.04.21"]
[Round "2.2"]
[White "Pogorelskikh, Sofia"]
[Black "Semenova, Daria"]
[Result "1/2-1/2"]
[WhiteElo "1686"]
[BlackElo "1441"]
[PlyCount "170"]
[EventDate "2016.04.20"]

1. e4 Nf6 2. Nc3 d5 3. e5 Nfd7 4. d4 e6 5. f4 c5 6. Nf3 Nc6 7. Be3 cxd4 8. Nxd4
Bc5 9. Qd2 a6 10. O-O-O Qc7 11. g4 b5 12. Bg2 Qb6 13. Rhe1 Bb7 14. f5 Nxd4 15.
Bxd4 Bxd4 16. Qxd4 Qxd4 17. Rxd4 Ke7 18. a4 Bc6 19. a5 Rac8 20. Na2 Nc5 21. Nb4
Bb7 22. Kb1 Rc7 23. Rf4 g5 24. fxg6 hxg6 25. Ref1 Ke8 26. h3 Rh7 27. Nd3 Ke7
28. R1f2 Ke8 29. Ka2 Ne4 30. Re2 Nc5 31. Nxc5 Rxc5 32. Ref2 Ke7 33. Kb3 Rc4 34.
Bf1 Rxf4 35. Rxf4 Rh8 36. Rd4 Rc8 37. Rd3 d4 38. Rxd4 Bd5+ 39. Ka3 Rxc2 40. Rd1
Rf2 41. Rb1 Rf4 42. b3 Re4 43. Rc1 Rxe5 44. Rc7+ Kf6 45. Ra7 Re3 46. Kb4 Rxb3+
47. Kc5 Ra3 48. Rxa6 Ke5 49. Kxb5 Kd4 50. Rb6 Rb3+ 51. Ka6 Rc3 52. Rb4+ Kc5 53.
Rb8 Kd6 54. Rb6+ Kd7 55. Bb5+ Kc7 56. Ka7 Rxh3 57. a6 Rh8 58. Rb7+ Bxb7 59.
axb7 Rb8 60. Bc6 f5 61. Bf3 fxg4 62. Be4 e5 63. Bg2 g5 64. Be4 g3 65. Bg2 g4
66. Be4 Rxb7+ 67. Bxb7 Kd6 68. Kb6 Ke6 69. Be4 Kf6 70. Kc5 Kg5 71. Kc4 Kf4 72.
Kd3 Kg5 73. Ke3 Kh4 74. Bg2 Kg5 75. Ke4 Kf6 76. Bh1 Ke6 77. Bg2 Kf6 78. Bh1 g2
79. Bxg2 Kg5 80. Kxe5 Kh4 81. Ba8 Kh3 82. Kf5 g3 83. Kg5 Kh2 84. Kh4 g2 85.
Bxg2 Kxg2 1/2-1/2

[Event "Russian Championship G13 1st league 2016"]
[Site "Loo"]
[Date "2016.04.21"]
[Round "2.3"]
[White "Karelina, Viktoriya"]
[Black "Pichnenko, Nina"]
[Result "1-0"]
[WhiteElo "1673"]
[BlackElo "1439"]
[PlyCount "109"]
[EventDate "2016.04.20"]

1. e4 e5 2. Bc4 Nf6 3. d3 Bc5 4. Nf3 d6 5. O-O Bg4 6. h3 Bh5 7. Nbd2 Nc6 8. c3
O-O 9. Re1 h6 10. Nf1 d5 11. exd5 Nxd5 12. g4 Bg6 13. Nxe5 Bxf2+ 14. Kxf2 Nxe5
15. Rxe5 Qf6+ 16. Qf3 Qxe5 17. Bxd5 Rad8 18. Bc4 b5 19. d4 Qe7 20. Bxb5 c5 21.
Be3 cxd4 22. Bxd4 Rb8 23. c4 Rfd8 24. Qc3 Qh4+ 25. Kg2 Be4+ 26. Kh2 f5 27. Ng3
Qg5 28. Rf1 Rxd4 29. Qxd4 Rd8 30. Nxe4 fxe4 31. Qxe4 Rd2+ 32. Kg3 h5 33. Qe6+
Kh8 34. Qe8+ Kh7 35. Qxh5+ Qxh5 36. gxh5 Rxb2 37. a4 Rc2 38. Rf7 Rc3+ 39. Rf3
Rc1 40. a5 Ra1 41. a6 Kh6 42. Kg4 g6 43. hxg6 Kxg6 44. h4 Kh6 45. Rc3 Kg6 46.
c5 Ra5 47. Bd3+ Kh6 48. c6 Ra4+ 49. Rc4 Ra1 50. c7 Rg1+ 51. Kf4 Rg8 52. c8=Q
Rxc8 53. Rxc8 Kh5 54. Rc6 Kxh4 55. Rh6# 1-0

[Event "Russian Championship G13 1st league 2016"]
[Site "Loo"]
[Date "2016.04.21"]
[Round "2.4"]
[White "Nikonorova, Melaniya"]
[Black "Larina, Tatiana"]
[Result "0-1"]
[WhiteElo "1419"]
[BlackElo "1666"]
[PlyCount "62"]
[EventDate "2016.04.20"]

1. e4 e6 2. d4 d5 3. exd5 exd5 4. Nf3 Bg4 5. Bd3 Bd6 6. O-O Ne7 7. Bg5 f6 8.
Be3 c6 9. c3 Nd7 10. Nbd2 Qc7 11. Qc2 O-O-O 12. a4 g5 13. b4 Bxf3 14. Nxf3 g4
15. Nd2 Bxh2+ 16. Kh1 Bd6 17. b5 h5 18. bxc6 Nxc6 19. Rab1 h4 20. f3 h3 21.
fxg4 hxg2+ 22. Kxg2 Rh2+ 23. Kg1 Rdh8 24. Rf2 Rh1+ 25. Kg2 R1h2+ 26. Kf1 R2h3
27. Ke2 Re8 28. Nf3 Bf4 29. Kf1 Bxe3 30. Qb3 Bxf2 31. Kxf2 Qg3+ 0-1

[Event "Russian Championship G13 1st league 2016"]
[Site "Loo"]
[Date "2016.04.21"]
[Round "2.5"]
[White "Korobitsyna, Olesya"]
[Black "Kovtun, Tatyana"]
[Result "1-0"]
[WhiteElo "1607"]
[BlackElo "1419"]
[PlyCount "107"]
[EventDate "2016.04.20"]

1. d4 d5 2. Nf3 Nf6 3. c4 e6 4. g3 dxc4 5. Qa4+ Nc6 6. Qxc4 Nd5 7. Bg2 Nb6 8.
Qd3 e5 9. Nxe5 Nxe5 10. dxe5 Qxd3 11. exd3 c6 12. O-O Bf5 13. d4 O-O-O 14. Be3
Be7 15. Nc3 Nc4 16. b3 Nxe3 17. fxe3 Bg6 18. Rac1 Ba3 19. Rcd1 Rhe8 20. Ne2 Bh5
21. Bf3 Bxf3 22. Rxf3 Rd7 23. Rdf1 Ree7 24. Nf4 g6 25. Nd3 Kd8 26. b4 a5 27. e6
fxe6 28. Ne5 Rc7 29. bxa5 Bb4 30. a6 bxa6 31. Rb1 a5 32. a3 Bxa3 33. Rb8+ Rc8
34. Rf8+ Re8 35. Rxe8+ Kxe8 36. Rxc8+ Ke7 37. Rxc6 Bb4 38. Ra6 Bd2 39. Nc4 Bc1
40. Rxa5 Kf6 41. Ra1 Bxe3+ 42. Nxe3 e5 43. Ng4+ Kf5 44. Nxe5 h5 45. Nc6 Kg4 46.
d5 Kh3 47. d6 g5 48. d7 h4 49. d8=Q hxg3 50. Qh8+ Kg4 51. Ra4+ Kf3 52. Qc3+ Ke2
53. Ra2+ Kd1 54. Qa1# 1-0

[Event "Russian Championship G13 1st league 2016"]
[Site "Loo"]
[Date "2016.04.21"]
[Round "2.6"]
[White "Shagimardanova, Ramilya"]
[Black "Tinina, Kristina"]
[Result "1/2-1/2"]
[WhiteElo "1413"]
[BlackElo "1595"]
[PlyCount "93"]
[EventDate "2016.04.20"]

1. d4 Nf6 2. c4 g6 3. Nc3 d5 4. Nf3 Bg7 5. g3 O-O 6. Bg2 c6 7. cxd5 Nxd5 8. O-O
Bg4 9. Be3 Re8 10. Nxd5 cxd5 11. Qb3 e6 12. Qxb7 Nd7 13. Qb3 Rb8 14. Qc3 Bxf3
15. Bxf3 Qb6 16. Rab1 Rec8 17. Qa3 Bxd4 18. Bh6 Bg7 19. Bxg7 Kxg7 20. e4 d4 21.
Qe7 Ne5 22. Bg2 Rc7 23. Qg5 Rc5 24. Qh4 Rc2 25. f4 Nd7 26. f5 d3+ 27. Kh1 exf5
28. exf5 Rxb2 29. fxg6 hxg6 30. Rxb2 Qxb2 31. Qe7 Nf6 32. Bd5 Rf8 33. Bb3 Qd4
34. Rf4 Qa1+ 35. Kg2 Qb2+ 36. Rf2 Qd4 37. Rf4 Qb2+ 38. Kf3 Qa1 39. Qxa7 Qh1+
40. Kf2 Qxh2+ 41. Kf1 Qe2+ 42. Kg1 Qe1+ 43. Kg2 g5 44. Rf2 Qe4+ 45. Kg1 Qe1+
46. Kg2 Qe4+ 47. Kg1 1/2-1/2

[Event "Russian Championship G13 1st league 2016"]
[Site "Loo"]
[Date "2016.04.21"]
[Round "2.7"]
[White "Dedushinskaya, Anna"]
[Black "Tletseri, Julietta"]
[Result "1-0"]
[WhiteElo "1366"]
[BlackElo "1546"]
[PlyCount "65"]
[EventDate "2016.04.20"]

1. e4 c5 2. Nc3 e6 3. g3 Nc6 4. Bg2 a6 5. d3 Qc7 6. f4 d6 7. Nf3 b6 8. Be3 Bb7
9. O-O O-O-O 10. a3 d5 11. exd5 exd5 12. d4 Nf6 13. Ne5 cxd4 14. Nxc6 Bxc6 15.
Bxd4 Bc5 16. b4 Bxd4+ 17. Qxd4 Rhg8 18. Rad1 Kb7 19. Qe5 Qc8 20. Nxd5 Nxd5 21.
Bxd5 Bxd5 22. Rxd5 Rde8 23. Qd4 Re2 24. Rd7+ Ka8 25. Rd1 Re6 26. Rxf7 Rge8 27.
c4 g6 28. Rxh7 Re1+ 29. Rxe1 Rxe1+ 30. Kf2 Re8 31. Qxb6 Qb8 32. Qc6+ Qb7 33.
Qxb7# 1-0

[Event "Russian Championship G13 1st league 2016"]
[Site "Loo"]
[Date "2016.04.21"]
[Round "2.8"]
[White "Zavgorodneva, Ekaterina"]
[Black "Nasonova, Elizaveta"]
[Result "1-0"]
[WhiteElo "1531"]
[BlackElo "1410"]
[PlyCount "67"]
[EventDate "2016.04.20"]

1. e4 c5 2. Nf3 Nc6 3. d4 cxd4 4. Nxd4 e6 5. a3 Nf6 6. Nc3 d5 7. exd5 Nxd5 8.
Nde2 Be7 9. Nxd5 Qxd5 10. Qxd5 exd5 11. Be3 Bf5 12. O-O-O Rd8 13. Nd4 Nxd4 14.
Bxd4 Rc8 15. Bd3 Bxd3 16. Rxd3 b6 17. Bxg7 Rg8 18. Rg3 Bd6 19. Be5 Rxg3 20.
Bxg3 Kd7 21. Rd1 Ke6 22. Bxd6 Kxd6 23. Rd3 Re8 24. Kd2 Rg8 25. Rg3 Rg6 26.
Rxg6+ fxg6 27. Kd3 a5 28. Kd4 Ke6 29. c4 Kd6 30. cxd5 b5 31. b4 a4 32. h3 h6
33. g3 h5 34. h4 1-0